Lawrence D H sons and lovers (Record no. 103691)

MARC details
000 -LEADER
fixed length control field 00624nam a2200229Ia 4500
003 - CONTROL NUMBER IDENTIFIER
control field OSt
005 - DATE AND TIME OF LATEST TRANSACTION
control field 20251028111713.0
008 - FIXED-LENGTH DATA ELEMENTS--GENERAL INFORMATION
fixed length control field 210210b1969 xxu||||| |||| 00| 0 eng d
020 ## - INTERNATIONAL STANDARD BOOK NUMBER
International Standard Book Number 0333023676
040 ## - CATALOGING SOURCE
Transcribing agency AL
041 ## - LANGUAGE CODE
Language code of text/sound track or separate title eng
082 ## - DEWEY DECIMAL CLASSIFICATION NUMBER
Classification number 820.9 DYSL
100 ## - MAIN ENTRY--PERSONAL NAME
Personal name Dyson A E Ed
9 (RLIN) 242952
245 ## - TITLE STATEMENT
Title Lawrence D H sons and lovers
Remainder of title : casebooks
260 ## - PUBLICATION, DISTRIBUTION, ETC.
Place of publication, distribution, etc. London
Name of publisher, distributor, etc. Macmillan Press Ltd
Date of publication, distribution, etc. 1969
300 ## - PHYSICAL DESCRIPTION
Extent 230
650 ## - SUBJECT ADDED ENTRY--TOPICAL TERM
Topical term or geographic name entry element Lawrence D H Sons & Lovers critical Essays Case Books
9 (RLIN) 242953
690 ## - LOCAL SUBJECT ADDED ENTRY--TOPICAL TERM (OCLC, RLIN)
Topical term or geographic name as entry element English Criticism
9 (RLIN) 242954
700 ## - ADDED ENTRY--PERSONAL NAME
Personal name Salgado, Gamini
9 (RLIN) 242955
906 ## - LOCAL DATA ELEMENT F, LDF (RLIN)
a 056011
942 ## - ADDED ENTRY ELEMENTS (KOHA)
Source of classification or shelving scheme Dewey Decimal Classification
Koha item type Book
Holdings
Withdrawn status Lost status Damaged status Not for loan Collection code Home library Current library Shelving location Date acquired Source of acquisition Cost, normal purchase price Total Checkouts Full call number Barcode Date last seen Price effective from Koha item type
          St Aloysius Library St Aloysius Library   02/17/2021 Sita Book House, Mangalore. 310.00   820.9 DYSL 056011 02/17/2021 02/17/2021 Book